Statistics for Criminal Case: Mysteries of the Past

Click here to take the quiz!

General Stats

  • This quiz has been taken 3 times
  • The average score is 124 of 469

Answer Stats

CaseStatusAnswer% Correct
3. In the Line of FireKillerBilly Thompson
100%
2. Slash and BurnKillerColin James
100%
25. Death Without ParoleSuspectColin James
100%
6. In the Name of the FatherKillerEdward Whimple
100%
3. In the Line of FireSuspectEdward Whimple
100%
2. Slash and BurnQuasi-SuspectEdward Whimple
100%
5. Shear MurderSuspectFather Donovan
100%
6. In the Name of the FatherVictimFather Donovan
100%
1. Welcome to Concordia!SuspectFather Donovan
100%
1. Welcome to Concordia!VictimFrank Vogel
100%
2. Slash and BurnVictimHarriet Patrick
100%
1. Welcome to Concordia!SuspectHarriet Patrick
100%
3. In the Line of FireSuspectMadam Xiang
100%
22. OverkillKillerMadam Xiang
100%
20. Eyes Wide ShutSuspectMadam Xiang
100%
1. Welcome to Concordia!KillerNellie Mortimer
100%
6. In the Name of the FatherQuasi-SuspectOscar Trefusis
100%
2. Slash and BurnSuspectOscar Trefusis
100%
55. The New Truth!SuspectOscar Trefusis
100%
3. In the Line of FireVictimOtis Kidd
100%
4. A Murder CarolVictimRowdy Rick
100%
6. In the Name of the FatherSuspectSeamus O'Neill
100%
9. Sweet RevengeQuasi-SuspectSeamus O'Neill
100%
30. How the East Was WonKillerSeamus O'Neill
100%
36. In Love and WarVictimSeamus O'Neill
100%
23. Death is a CabaretQuasi-SuspectSeamus O'Neill
100%
1. Welcome to Concordia!SuspectSeamus O'Neill
100%
28. 3:10 to DeathSuspectSeamus O'Neill
100%
21. Blue BlazesSuspectSeamus O'Neill
100%
15. Out of SteamSuspectTalmadge Baldwin
100%
33. Hold Your TongueVictimTalmadge Baldwin
100%
6. In the Name of the FatherSuspectTalmadge Baldwin
100%
18. The Higher You RiseSuspectTalmadge Baldwin
100%
3. In the Line of FireSuspectTalmadge Baldwin
100%
4. A Murder CarolKillerTrickster Tim
100%
27. Little Murder on the PrarieKillerVinnie Costa
100%
28. 3:10 to DeathQuasi-SuspectVinnie Costa
100%
6. In the Name of the FatherSuspectVinnie Costa
100%
4. A Murder CarolSuspectVinnie Costa
100%
23. Death is a CabaretSuspectVinnie Costa
100%
29. Blood BathVictimVinnie Costa
100%
1. Welcome to Concordia!SuspectWalter Lombardi
100%
15. Out of SteamKillerAbe Mullins
50%
38. StockbrokenVictimAbner Milton
50%
3. In the Line of FireSuspectAdelia Baldwin
50%
57. One Dead MoreKillerAdelia Baldwin
50%
33. Hold Your TongueSuspectAdelia Baldwin
50%
47. Doom ServiceVictimAdmiral Oak
50%
24. Slayer's EndSuspectAdrienna Brassiere
50%
20. Eyes Wide ShutSuspectAdrienna Brassiere
50%
32. Civil BloodQuasi-SuspectAdrienna Brassiere
50%
30. How the East Was WonSuspectAdrienna Brassiere
50%
36. In Love and WarKillerAdrienna Brassiere
50%
21. Blue BlazesQuasi-SuspectAdrienna Brassiere
50%
2. Slash and BurnSuspectAidan Moran
50%
44. Graveyard ShiftKillerAnnabel Leigh
50%
42. The Heart of the MatterSuspectArchie Rochester
50%
12. Behind the MaskSuspectArchie Rochester
50%
9. Sweet RevengeSuspectArchie Rochester
50%
40. Get Off Your High HorseSuspectArchie Rochester
50%
50. The Swan SongQuasi-SuspectArchie Rochester
50%
51. Tipping the ScalesVictimArchie Rochester
50%
49. The Machiavellian CandidateQuasi-SuspectArchie Rochester
50%
17. Electrical HazardVictimArnold Nottingham
50%
19. Sinners and SaintsVictimBarnaby Wilson
50%
27. Little Murder on the PrarieVictimBenjamin Galls
50%
58. Inglorious JusticeQuasi-SuspectBernadine Rochester
50%
41. Talk of the TownSuspectBernadine Rochester
50%
53. A Family AffairSuspectBernadine Rochester
50%
32. Civil BloodSuspectBridget Baker
50%
35. Burning BridgesVictimBridget Baker
50%
14. CheckmateKillerBron Sklar
50%
14. CheckmateSuspectCeline Georges
50%
17. Electrical HazardSuspectCeline Georges
50%
18. The Higher You RiseVictimCeline Georges
50%
37. Death Comes to LunchVictimClarissa Rochester
50%
29. Blood BathKillerClay Westwood
50%
27. Little Murder on the PrarieSuspectClay Westwood
50%
28. 3:10 to DeathVictimDanny Dedalus
50%
21. Blue BlazesVictimDavy Byrne
50%
25. Death Without ParoleSuspectDorothy McBain
50%
28. 3:10 to DeathKillerDorothy McBain
50%
38. StockbrokenKillerEaston Belmont
50%
44. Graveyard ShiftVictimEdgar Woe
50%
34. Stick to Your GunsVictimEdna Owens
50%
9. Sweet RevengeSuspectEleanor Halsted
50%
18. The Higher You RiseKillerEleanor Halsted
50%
54. Arrow of InjusticeKillerEleanor Halsted
50%
13. Breaking the Glass CeilingSuspectEleanor Halsted
50%
16. Monkey BusinessQuasi-SuspectEleanor Halsted
50%
40. Get Off Your High HorseKillerEliza Rheinberg
50%
16. Monkey BusinessVictimErnest Picklebrain
50%
10. Let Her Eat CakeKillerErnest Swanswaddle
50%
38. StockbrokenSuspectEzra Bleak
50%
20. Eyes Wide ShutSuspectFinley Flanagan
50%
24. Slayer's EndKillerFinley Flanagan
50%
21. Blue BlazesSuspectFiona Flanagan
50%
24. Slayer's EndVictimFiona Flanagan
50%
23. Death is a CabaretKillerFiona Flanagan
50%
37. Death Comes to LunchKillerFrancine
50%
11. That Sinking FeelingSuspectGeorge Buchanan
50%
12. Behind the MaskVictimGeorge Buchanan
50%
10. Let Her Eat CakeVictimGeorgina Upperton
50%
49. The Machiavellian CandidateKillerGertrude Avery
50%
39. Apprehend Me If You're AbleSuspectHector Harvey
50%
41. Talk of the TownKillerHector Harvey
50%
13. Breaking the Glass CeilingKillerHenrietta Vanderbilt
50%
33. Hold Your TongueSuspectHoratio Rochester
50%
42. The Heart of the MatterSuspectHoratio Rochester
50%
50. The Swan SongQuasi-SuspectHoratio Rochester
50%
48. Unsafe HavenSuspectHoratio Rochester
50%
37. Death Comes to LunchSuspectHoratio Rochester
50%
53. A Family AffairKillerHoratio Rochester
50%
45. Doctor, InterruptedQuasi-SuspectHoratio Rochester
50%
8. The Talking DeadKillerIgnatius Cottingley
50%
45. Doctor, InterruptedVictimIrving Blackmoor
50%
23. Death is a CabaretSuspectIrving Blackmoor
50%
3. In the Line of FireQuasi-SuspectJohn Koll
50%
47. Doom ServiceKillerJohnny Torrents
50%
7. Let Me Down GentlyKillerJordan Wilson
50%
22. OverkillVictimJoseph Dante
50%
41. Talk of the TownVictimJoseph Pryor
50%
30. How the East Was WonQuasi-SuspectJudge Justin Lawson
50%
25. Death Without ParoleQuasi-SuspectJudge Justin Lawson
50%
24. Slayer's EndSuspectJudge Lawson
50%
55. The New Truth!Quasi-SuspectJustin Lawson
50%
3. In the Line of FireQuasi-SuspectJustin Lawson
50%
49. The Machiavellian CandidateQuasi-SuspectJustin Lawson
50%
15. Out of SteamQuasi-SuspectJustin Lawson
50%
54. Arrow of InjusticeSuspectJustin Lawson
50%
53. A Family AffairQuasi-SuspectJustin Lawson
50%
51. Tipping the ScalesSuspectJustin Lawson
50%
25. Death Without ParoleVictimKev O'Connell
50%
19. Sinners and SaintsKillerKev O'Connell
50%
32. Civil BloodKillerKieran Quinlan
50%
20. Eyes Wide ShutVictimKristopher Bauer
50%
22. OverkillQuasi-SuspectLady Highmore
50%
38. StockbrokenSuspectLady Highmore
50%
39. Apprehend Me If You're AbleQuasi-SuspectLady Highmore
50%
8. The Talking DeadSuspectLady Highmore
50%
40. Get Off Your High HorseSuspectLady Highmore
50%
56. Resistance is FatalQuasi-SuspectLady Highmore
50%
59. Best Laid PlansSuspectLady Highmore
50%
42. The Heart of the MatterQuasi-SuspectLady Highmore
50%
60. Last Stand for JusticeQuasi-SuspectLady Highmore
50%
50. The Swan SongSuspectLady Highmore
50%
10. Let Her Eat CakeSuspectLady Highmore
50%
53. A Family AffairSuspectLady Highmore
50%
42. The Heart of the MatterKillerLarry Rochester
50%
43. The Witching HourQuasi-SuspectLarry Rochester
50%
37. Death Comes to LunchSuspectLarry Rochester
50%
49. The Machiavellian CandidateVictimLissa Avery
50%
7. Let Me Down GentlyVictimLucrezia Capecchi
50%
26. Giving Up the GhostKillerLucy Liang
50%
46. Turn for the WorseVictimLynn Hart
50%
2. Slash and BurnSuspectMary Patrick
50%
21. Blue BlazesKillerMauro Massetti
50%
5. Shear MurderVictimMaximillian Poe
50%
4. A Murder CarolSuspectMr Bleak
50%
46. Turn for the WorseKillerMysteria
50%
13. Breaking the Glass CeilingVictimNorah Barnlow
50%
4. A Murder CarolQuasi-SuspectOfficer Koll
50%
1. Welcome to Concordia!Quasi-SuspectOfficer Raines
50%
15. Out of SteamVictimOrville West
50%
48. Unsafe HavenVictimPatricia Rochester
50%
45. Doctor, InterruptedSuspectPatricia Rochester
50%
8. The Talking DeadVictimPhilomena Highmore
50%
4. A Murder CarolSuspectPip
50%
33. Hold Your TongueKillerReggie Bates
50%
11. That Sinking FeelingKillerRenée Daucourt
50%
2. Slash and BurnSuspectRivke Gelber
50%
53. A Family AffairSuspectRockley Rochester
50%
9. Sweet RevengeSuspectRockley Rochester
50%
3. In the Line of FireQuasi-SuspectRose Zhao
50%
52. A Study in PinkQuasi-SuspectRose Zhao
50%
25. Death Without ParoleQuasi-SuspectRose Zhao
50%
60. Last Stand for JusticeSuspectRose Zhao
50%
31. Bridge Over Troubled WaterQuasi-SuspectRose Zhao
50%
54. Arrow of InjusticeSuspectRose Zhao
50%
34. Stick to Your GunsQuasi-SuspectRose Zhao
50%
29. Blood BathSuspectRose Zhao
50%
51. Tipping the ScalesKillerSamson Drake
50%
49. The Machiavellian CandidateSuspectSamson Drake
50%
42. The Heart of the MatterVictimSandra Hwang
50%
37. Death Comes to LunchSuspectSandra Hwang
50%
34. Stick to Your GunsSuspectSandra Hwang
50%
5. Shear MurderKillerSheila Black
50%
16. Monkey BusinessKillerSomerset Osborne
50%
18. The Higher You RiseSuspectStanley Spark
50%
17. Electrical HazardSuspectStanley Spark
50%
14. CheckmateSuspectStanley Spark
50%
17. Electrical HazardKillerSusie Nottingham
50%
45. Doctor, InterruptedSuspectSylvia May
50%
48. Unsafe HavenKillerSylvia May
50%
11. That Sinking FeelingVictimTheo Vergeer
50%
35. Burning BridgesKillerTimmy Tanner
50%
9. Sweet RevengeKillerVioletta Blue
50%
28. 3:10 to DeathSuspectVittorio Capecchi
50%
12. Behind the MaskSuspectVittorio Capecchi
50%
24. Slayer's EndSuspectVittorio Capecchi
50%
7. Let Me Down GentlySuspectVittorio Capecchi
50%
30. How the East Was WonVictimVittorio Capecchi
50%
29. Blood BathQuasi-SuspectVittorio Capecchi
50%
12. Behind the MaskKillerWentworth
50%
34. Stick to Your GunsKillerWilbur Owens
50%
26. Giving Up the GhostVictimWill Wyoming
50%
8. The Talking DeadSuspectAbigail Simandl
0%
43. The Witching HourSuspectAbigail Walcott
0%
27. Little Murder on the PrarieSuspectAdaline Galls
0%
57. One Dead MoreVictimAlbertina Thenard
0%
29. Blood BathSuspectAlberto "Al" Salucci
0%
45. Doctor, InterruptedSuspectAlice Riddel
0%
44. Graveyard ShiftSuspectAmelia Bats
0%
40. Get Off Your High HorseVictimAnna Jewell
0%
35. Burning BridgesSuspectAntonio Dante
0%
31. Bridge Over Troubled WaterSuspectAntonio "The Scorpion" Dante
0%
60. Last Stand for JusticeSuspectArthur Wright
0%
40. Get Off Your High HorseQuasi-SuspectArthur Wright
0%
58. Inglorious JusticeQuasi-SuspectArthur Wright
0%
34. Stick to Your GunsQuasi-SuspectArthur Wright
0%
55. The New Truth!Quasi-SuspectArthur Wright
0%
41. Talk of the TownQuasi-SuspectArthur Wright
0%
51. Tipping the ScalesQuasi-SuspectArthur Wright
0%
18. The Higher You RiseSuspectArthur Wright
0%
7. Let Me Down GentlyQuasi-SuspectArthur Wright
0%
43. The Witching HourVictimAubrey Miller
0%
5. Shear MurderSuspectAudrey Scott
0%
16. Monkey BusinessQuasi-SuspectAurora Osborne
0%
52. A Study in PinkVictimBarbara Coldwell
0%
16. Monkey BusinessSuspectBeata Seahorn
0%
42. The Heart of the MatterQuasi-SuspectBeatrice Pemberton
0%
38. StockbrokenQuasi-SuspectBeatrice Pemberton
0%
41. Talk of the TownSuspectBert Tucker
0%
56. Resistance is FatalKillerBill Beatty
0%
31. Bridge Over Troubled WaterSuspectButcher Betty
0%
44. Graveyard ShiftSuspectCallum Edwards
0%
52. A Study in PinkSuspectCallum Edwards
0%
39. Apprehend Me If You're AbleSuspectCarlton Franklin
0%
14. CheckmateVictimCasper Rove
0%
29. Blood BathSuspectCatastrophe Joan
0%
25. Death Without ParoleSuspectCatastrophe Joan
0%
60. Last Stand for JusticeVictimCharles Dupont
0%
23. Death is a CabaretQuasi-SuspectCharles Dupont
0%
27. Little Murder on the PrarieQuasi-SuspectCharles Dupont
0%
41. Talk of the TownQuasi-SuspectCharles Dupont
0%
17. Electrical HazardSuspectCharles Dupont
0%
51. Tipping the ScalesQuasi-SuspectCharles Dupont
0%
54. Arrow of InjusticeQuasi-SuspectCharles Dupont
0%
12. Behind the MaskQuasi-SuspectCharles Dupont
0%
13. Breaking the Glass CeilingQuasi-SuspectCharles Dupont
0%
55. The New Truth!SuspectChester Holt
0%
48. Unsafe HavenSuspectClarence Watts
0%
57. One Dead MoreSuspectColette
0%
14. CheckmateSuspectColette Eckhardt
0%
36. In Love and WarSuspectColum O'Callaghan
0%
60. Last Stand for JusticeSuspectConstable Ramirez
0%
43. The Witching HourKillerCordelia Putnam
0%
52. A Study in PinkSuspectCornelius Castletown
0%
32. Civil BloodSuspectCornelius Castletown
0%
10. Let Her Eat CakeSuspectCornelius Castletown
0%
13. Breaking the Glass CeilingSuspectCornelius Castletown
0%
16. Monkey BusinessSuspectCornelius Castletown
0%
19. Sinners and SaintsQuasi-SuspectCornelius Castletown
0%
25. Death Without ParoleSuspectCosimo Silvestri
0%
44. Graveyard ShiftSuspectCount Blutsauger
0%
38. StockbrokenSuspectDeirdre Calhoun
0%
46. Turn for the WorseSuspectDelores Bower
0%
31. Bridge Over Troubled WaterSuspectDermot McMurphy
0%
35. Burning BridgesSuspectDermot McMurphy
0%
19. Sinners and SaintsSuspectDermot McMurphy
0%
8. The Talking DeadSuspectDiego del Lobo
0%
58. Inglorious JusticeSuspectDiego del Lobo
0%
7. Let Me Down GentlySuspectDiego del Lobo
0%
23. Death is a CabaretQuasi-SuspectDiego del Lobo
0%
39. Apprehend Me If You're AbleSuspectDiego del Lobo
0%
11. That Sinking FeelingSuspectDiego del Lobo
0%
55. The New Truth!Quasi-SuspectDiego del Lobo
0%
34. Stick to Your GunsQuasi-SuspectDiego del Lobo
0%
60. Last Stand for JusticeKillerDiego del Lobo
0%
7. Let Me Down GentlySuspectDolly Darnell
0%
60. Last Stand for JusticeQuasi-SuspectDora Umbright
0%
5. Shear MurderSuspectDr Ezekiel Jones
0%
45. Doctor, InterruptedKillerDwayne Reed
0%
56. Resistance is FatalVictimDylan Mitvok
0%
33. Hold Your TongueSuspectEamon Gilligan
0%
22. OverkillSuspectEamon Gilligan
0%
22. OverkillQuasi-SuspectEileen O'Malley
0%
41. Talk of the TownQuasi-SuspectEileen O'Malley
0%
20. Eyes Wide ShutKillerElias Willingham
0%
10. Let Her Eat CakeSuspectElisa Melody
0%
42. The Heart of the MatterSuspectElisa Melody
0%
26. Giving Up the GhostSuspectEnnis Sparhawk
0%
59. Best Laid PlansSuspectEnzo Jonas
0%
57. One Dead MoreSuspectEnzo Jonas
0%
28. 3:10 to DeathSuspectErica Dupri
0%
36. In Love and WarSuspectErica Dupri
0%
50. The Swan SongSuspectErik Tremaine
0%
41. Talk of the TownSuspectErwin Pryor
0%
27. Little Murder on the PrarieSuspectEthel Spencer
0%
34. Stick to Your GunsQuasi-SuspectEvie Holloway
0%
57. One Dead MoreQuasi-SuspectEvie Holloway
0%
50. The Swan SongQuasi-SuspectEvie Holloway
0%
52. A Study in PinkSuspectEvie Holloway
0%
29. Blood BathQuasi-SuspectEvie Holloway
0%
31. Bridge Over Troubled WaterQuasi-SuspectEvie Holloway
0%
48. Unsafe HavenQuasi-SuspectEzekiel Jones
0%
47. Doom ServiceSuspectFleur Stone
0%
55. The New Truth!KillerFlorence Samuels
0%
29. Blood BathSuspectFranca Capecchi
0%
36. In Love and WarSuspectFranca Capecchi
0%
30. How the East Was WonSuspectFranca Capecchi
0%
26. Giving Up the GhostSuspectFranca Capecchi
0%
19. Sinners and SaintsSuspectFrederick Wilson
0%
38. StockbrokenSuspectFrederick Wilson
0%
39. Apprehend Me If You're AbleKillerGail Harper
0%
59. Best Laid PlansQuasi-SuspectGeorge Blanton
0%
8. The Talking DeadSuspectGeorge Blanton
0%
34. Stick to Your GunsSuspectGeorge Blanton
0%
44. Graveyard ShiftQuasi-SuspectGeorge Okamoto
0%
43. The Witching HourSuspectGeorge Okamoto
0%
47. Doom ServiceSuspectGeorge Okamoto
0%
39. Apprehend Me If You're AbleSuspectGeorgia Ward
0%
34. Stick to Your GunsSuspectGianna Verdino
0%
28. 3:10 to DeathSuspectGibby Hayes
0%
52. A Study in PinkSuspectGinny Farnsworth
0%
21. Blue BlazesSuspectGiulietta Capecchi
0%
56. Resistance is FatalSuspectGiulietta Capecchi
0%
11. That Sinking FeelingSuspectGiulietta Capecchi
0%
12. Behind the MaskSuspectGiulietta Capecchi
0%
35. Burning BridgesQuasi-SuspectGiulietta Capecchi
0%
33. Hold Your TongueSuspectGiulietta Capecchi
0%
36. In Love and WarSuspectGiulietta Capecchi
0%
7. Let Me Down GentlySuspectGiulietta Capecchi
0%
59. Best Laid PlansKillerGiulietta Capecchi
0%
30. How the East Was WonSuspectGiulietta Capecchi
0%
27. Little Murder on the PrarieSuspectGiulietta Capecchi
0%
58. Inglorious JusticeQuasi-SuspectGiulietta Capecchi
0%
22. OverkillSuspectGladys Perrin
0%
20. Eyes Wide ShutSuspectGladys Perrin
0%
23. Death is a CabaretVictimGladys Perrin
0%
6. In the Name of the FatherSuspectGladys Perrin
0%
45. Doctor, InterruptedSuspectGregory Stravinsky
0%
47. Doom ServiceSuspectGregory Stravinsky
0%
48. Unsafe HavenSuspectGregory Stravinsky
0%
15. Out of SteamSuspectGreta Gundwood
0%
16. Monkey BusinessQuasi-SuspectGreta Gundwood
0%
18. The Higher You RiseSuspectGreta Gundwood
0%
13. Breaking the Glass CeilingSuspectGus Smiffel
0%
46. Turn for the WorseSuspectHarold Coppersmith
0%
51. Tipping the ScalesSuspectHeidi Müller
0%
23. Death is a CabaretSuspectHenri Leclerc
0%
50. The Swan SongKillerHenri Monplaisir
0%
58. Inglorious JusticeSuspectHenry Pembroke
0%
43. The Witching HourSuspectHope Woodford
0%
46. Turn for the WorseSuspectHope Woodford
0%
55. The New Truth!SuspectInspector Jaubert
0%
56. Resistance is FatalQuasi-SuspectInspector Jaubert
0%
59. Best Laid PlansVictimInspector Jaubert
0%
57. One Dead MoreSuspectInspector Jaubert
0%
60. Last Stand for JusticeSuspectIsaac Bontemps
0%
14. CheckmateQuasi-SuspectIsaac Bontemps
0%
44. Graveyard ShiftQuasi-SuspectIsaac Bontemps
0%
9. Sweet RevengeVictimJack Goodwin
0%
39. Apprehend Me If You're AbleVictimJade Carnegie
0%
58. Inglorious JusticeVictimJane Pembroke
0%
26. Giving Up the GhostSuspectJeb Wyoming
0%
19. Sinners and SaintsSuspectJemima Hatchett
0%
35. Burning BridgesSuspectJemima Hatchett
0%
25. Death Without ParoleKillerJeremiah Shankshaw
0%
57. One Dead MoreSuspectJohn Valean
0%
14. CheckmateSuspectJude Jenkins
0%
55. The New Truth!VictimJudge Takakura
0%
54. Arrow of InjusticeQuasi-SuspectJudge Takakura
0%
24. Slayer's EndQuasi-SuspectJudge Takakura
0%
59. Best Laid PlansSuspectJudge Umbright
0%
12. Behind the MaskSuspectKatherine Woolf
0%
54. Arrow of InjusticeQuasi-SuspectKatherine Woolf
0%
55. The New Truth!Quasi-SuspectKatherine Woolf
0%
52. A Study in PinkQuasi-SuspectKatherine Woolf
0%
17. Electrical HazardQuasi-SuspectKatherine Woolf
0%
14. CheckmateQuasi-SuspectKatherine Woolf
0%
24. Slayer's EndSuspectKatherine Woolf
0%
56. Resistance is FatalSuspectKatherine Woolf
0%
13. Breaking the Glass CeilingSuspectKatherine Woolf
0%
38. StockbrokenQuasi-SuspectKatherine Woolf
0%
16. Monkey BusinessSuspectKatherine Woolf
0%
41. Talk of the TownSuspectKatherine Woolf
0%
21. Blue BlazesQuasi-SuspectKatherine Woolf
0%
15. Out of SteamSuspectLady Hyacinth Pendergast
0%
52. A Study in PinkQuasi-SuspectLeopold Rochester
0%
17. Electrical HazardSuspectLeopold Rochester
0%
15. Out of SteamSuspectLeopold Rochester
0%
41. Talk of the TownQuasi-SuspectLeopold Rochester
0%
53. A Family AffairVictimLeopold Rochester
0%
32. Civil BloodSuspectLuigi Fortuna
0%
60. Last Stand for JusticeQuasi-SuspectMadeline O'Malley
0%
41. Talk of the TownQuasi-SuspectMadeline O'Malley
0%
46. Turn for the WorseQuasi-SuspectMadeline O'Malley
0%
51. Tipping the ScalesQuasi-SuspectMadeline O'Malley
0%
37. Death Comes to LunchQuasi-SuspectMadeline O'Malley
0%
4. A Murder CarolSuspectMaggie Scrubber
0%
52. A Study in PinkQuasi-SuspectMalcolm Rochester
0%
53. A Family AffairSuspectMalcolm Rochester
0%
51. Tipping the ScalesSuspectMalcolm Rochester
0%
49. The Machiavellian CandidateSuspectMalcolm Rochester
0%
31. Bridge Over Troubled WaterKillerMargherita Morello
0%
50. The Swan SongSuspectMargot Kirkland
0%
32. Civil BloodVictimMario Fortuna
0%
57. One Dead MoreQuasi-SuspectMarla de Paradis
0%
24. Slayer's EndQuasi-SuspectMarla de Paradis
0%
23. Death is a CabaretSuspectMarla de Paradis
0%
44. Graveyard ShiftQuasi-SuspectMarla de Paradis
0%
54. Arrow of InjusticeSuspectMarla de Paradis
0%
19. Sinners and SaintsSuspectMarla de Paradis
0%
50. The Swan SongVictimMarta Ulanova
0%
58. Inglorious JusticeSuspectMartha Baker
0%
30. How the East Was WonSuspectMarvin Ferrari
0%
34. Stick to Your GunsSuspectMarvin Ferrari
0%
49. The Machiavellian CandidateSuspectMayor Castletown
0%
54. Arrow of InjusticeVictimMayor Castletown
0%
56. Resistance is FatalSuspectMildred Takakura
0%
40. Get Off Your High HorseSuspectMilton Dobby
0%
58. Inglorious JusticeKillerMinnie Starr
0%
21. Blue BlazesSuspectMolly Byrne
0%
4. A Murder CarolQuasi-SuspectMr and Mrs Caffrey
0%
59. Best Laid PlansQuasi-SuspectNicholas Holloway
0%
59. Best Laid PlansSuspectOfficer Smythe
0%
47. Doom ServiceSuspectOne-Eyed Jill
0%
11. That Sinking FeelingQuasi-SuspectPercival Gordon
0%
40. Get Off Your High HorseSuspectRahul Shah
0%
12. Behind the MaskQuasi-SuspectRichard Wells
0%
29. Blood BathQuasi-SuspectRichard Wells
0%
52. A Study in PinkQuasi-SuspectRichard Wells
0%
35. Burning BridgesSuspectSadie Smith
0%
37. Death Comes to LunchSuspectSamuel Waldorf-Ridgewood
0%
10. Let Her Eat CakeSuspectSamuel Waldorf-Ridgewood
0%
51. Tipping the ScalesSuspectSarah Brown
0%
31. Bridge Over Troubled WaterSuspectScott Buckley
0%
42. The Heart of the MatterSuspectSteven Hwang
0%
51. Tipping the ScalesQuasi-SuspectThaddeus Mulroney
0%
54. Arrow of InjusticeSuspectThaddeus Mulroney
0%
50. The Swan SongSuspectThaddeus Mulroney
0%
48. Unsafe HavenQuasi-SuspectThaddeus Mulroney
0%
22. OverkillSuspectTheodosia Hayhurst
0%
31. Bridge Over Troubled WaterVictimThomas Boyd
0%
56. Resistance is FatalSuspectTomas Marin
0%
22. OverkillSuspectTony "The Scorpion"
0%
46. Turn for the WorseSuspectTwinkles the Clown
0%
32. Civil BloodSuspectVeronica Rochester
0%
49. The Machiavellian CandidateSuspectVeronica Rochester
0%
9. Sweet RevengeSuspectVerushka Coldwell
0%
52. A Study in PinkKillerVerushka Coldwell
0%
5. Shear MurderSuspectVincent Lorenzo
0%
43. The Witching HourQuasi-SuspectViola Pemberton
0%
13. Breaking the Glass CeilingQuasi-SuspectViola Pemberton
0%
50. The Swan SongQuasi-SuspectViola Pemberton
0%
48. Unsafe HavenSuspectViola Pemberton
0%
42. The Heart of the MatterQuasi-SuspectViola Pemberton
0%
38. StockbrokenQuasi-SuspectViola Pemberton
0%
32. Civil BloodQuasi-SuspectViola Pemberton
0%
26. Giving Up the GhostSuspectWalter Abernathy
0%
15. Out of SteamQuasi-SuspectWalter Cumberbatch
0%
58. Inglorious JusticeSuspectWill Grady
0%
11. That Sinking FeelingSuspectWilliam Fox
0%
43. The Witching HourSuspectWilliam Miller
0%
45. Doctor, InterruptedQuasi-SuspectWilliam Oland
0%
44. Graveyard ShiftSuspectWilliam Oland
0%
16. Monkey BusinessSuspectWillie Conklin
0%
55. The New Truth!SuspectYuri Ishida
0%

Score Distribution

Percentile by Number Answered

Percent of People with Each Score

Your Score History

You have not taken this quiz